Songs Named After An Animal - Statistics

General Stats
  • This quiz has been taken 30 times
  • The average score is 16 of 40
Answer Stats
Hint Answer % Correct
Survivor 1982 Eye of the Tiger
96%
Lynyrd Skynyrd 1973 Free Bird
89%
The Tokens 1961 The Lion Sleeps Tonight
89%
Al Stewart 1976 Year of the Cat
89%
Elvis Presley 1956 Hound Dog
81%
Elton John 1973 Crocodile Rock
78%
America 1971 A Horse With No Name
74%
Jefferson Airplane 1967 White Rabbit
67%
The Culture Club 1983 Karma Chameleon
59%
Warren Zevon 1978 Werewolves of London
59%
Duran Duran 1983 Union Of The Snake
56%
Black Sabbath 1970 War Pigs
56%
Prince 1984 When Doves Cry
56%
Meat Loaf 1977 Bat Out Of Hell
52%
The B-52s 1978 Rock Lobster
48%
Peter Gabriel 1982 Shock the Monkey
48%
Zac Brown Band 2005 Chicken Fried
41%
Tom Jones 1965 What's New Pussycat?
41%
Steely Dan 1977 Black Cow
37%
Owl City 2009 Fireflies
37%
The Beatles 1967 I Am The Walrus
33%
Ylvis 2013 The Fox (What Does The Fox Say?)
33%
Peter Gabriel 1992 Kiss That Frog
30%
The Rolling Stones 1965 Little Red Rooster
30%
The Beatles 1969 Octopus's Garden
30%
Queen 1980 Dragon Attack
22%
Kanye West 2016 Wolves
22%
Primus 2011 Eyes of the Squirrel
19%
The Librarians 2014 Unicorn
19%
The Who 1983 Wasp Man
19%
Weezer 2001 Crab
15%
Elmo & Patsy 1979 Grandma Got Run Over By A Reindeer
15%
Captain & Tennille 1976 Muskrat Love
15%
Chubby Checker 1961 Pony Time
15%
Pearl Jam 1993 Rats
11%
Lady Gaga 2013 Swine
11%
George Jones 1971 Playing Possum
7%
Bob Dylan 1991 Catfish
4%
Donovan 1970 Celia of the Seals
4%
Sparks 2016 Hippopotamus
4%
No matching quizzes found
Score Distribution
Percent of People with Each Score
Percentile by Number Answered
Your Score History
You have not taken this quiz